[Event "Titled Tuesday intern op 04th May"]
[Site "Chess.com INT"]
[Date "2021.05.04"]
[Round "6"]
[White "Cuevas, Alex"]
[Black "Valdes Romero, Leonardo"]
[Result "0-1"]
[WhiteElo "2267"]
[BlackElo "2402"]
[PlyCount "82"]
[EventDate "2021.05.04"]
[EventType "swiss (blitz)"]
[EventRounds "11"]
[EventCountry "USA"]
[SourceTitle "CBM 202 Extra"]
[Source "ChessBase"]
[SourceDate "2021.07.31"]
[SourceVersion "1"]
[SourceVersionDate "2021.07.31"]
[SourceQuality "1"]

1. c4 e6 2. Nf3 d5 3. d4 Nf6 4. e3 a6 5. Nbd2 Nbd7 6. Bd3 b6 7. e4 dxe4 8. Nxe4 Bb7 9. Qe2 Bb4+ 10. Bd2 Bxd2+ 11. Nfxd2 0-0 12. 0-0 c5 13. dxc5 Nxc5 14. Nxc5 bxc5 15. Rad1 Qa5 16. a3 Rab8 17. Nb1 Qc7 18. Rfe1 Qc6 19. f3 Rfd8 20. Nc3 Qc7 21. Bb1 Rd4 22. Rxd4 cxd4 23. Ne4 Bxe4 24. Bxe4 a5 25. Bd3 h6 26. g3 Qc5 27. Kg2 Rb3 28. g4 Qb6 29. Rb1 Qc5 30. h4 Nd7 31. Qe4 Kf8 32. Kg3 Ke7 33. f4 g5 34. hxg5 hxg5 35. f5 Qe5+ 36. Kf3 Qh2 37. Qxd4 Ne5+ 38. Ke4 Rxd3 39. f6+ Kxf6 40. Rf1+ Kg6 41. Qxe5 Re3+ 0-1

[Event "Titled Tuesday intern op 04th May"]
[Site "Chess.com INT"]
[Date "2021.05.04"]
[Round "2"]
[White "Czopor, Maciej"]
[Black "Cuevas, Alex"]
[Result "1-0"]
[WhiteElo "2279"]
[BlackElo "2267"]
[PlyCount "73"]
[EventDate "2021.05.04"]
[EventType "swiss (blitz)"]
[EventRounds "11"]
[EventCountry "USA"]
[SourceTitle "CBM 202 Extra"]
[Source "ChessBase"]
[SourceDate "2021.07.31"]
[SourceVersion "1"]
[SourceVersionDate "2021.07.31"]
[SourceQuality "1"]

1. e4 c6 2. d4 d5 3. e5 c5 4. dxc5 e6 5. a3 Bxc5 6. Nf3 Ne7 7. Bd3 Ng6 8. 0-0 Nc6 9. b4 Be7 10. Bb2 Nf4 11. Re1 Nxd3 12. Qxd3 0-0 13. Nbd2 f6 14. Nb3 fxe5 15. Nxe5 Bf6 16. Nxc6 bxc6 17. Bd4 Bd7 18. Re3 e5 19. Bxe5 Bxe5 20. Rxe5 Rxf2 21. Rae1 Qf6 22. Nc5 Rd8 23. Qe3 Rf8 24. h3 Bc8 25. Nd3 Rf1+ 26. Rxf1 Qxf1+ 27. Kh2 h6 28. Re7 Qf6 29. Rxa7 d4 30. Qg3 Bf5 31. Nc5 Bg6 32. Nd7 Qf7 33. Nxf8 Qxa7 34. Nxg6 Kh7 35. Ne5 Qa6 36. Qd3+ Qxd3 37. Nxd3 1-0

[Event "Titled Tuesday intern op 20th Apr"]
[Site "Chess.com INT"]
[Date "2021.04.20"]
[Round "9"]
[White "Cuevas, Alex"]
[Black "Prohorov, Olexandr"]
[Result "0-1"]
[WhiteElo "2268"]
[BlackElo "2086"]
[PlyCount "96"]
[EventDate "2021.04.20"]
[EventType "swiss (blitz)"]
[EventRounds "11"]
[EventCountry "USA"]
[SourceTitle "CBM 202 Extra"]
[Source "ChessBase"]
[SourceDate "2021.07.31"]
[SourceVersion "1"]
[SourceVersionDate "2021.07.31"]
[SourceQuality "1"]

1. c4 g6 2. Nc3 Bg7 3. e4 d6 4. d4 e5 5. dxe5 dxe5 6. Qxd8+ Kxd8 7. Bg5+ f6 8. 0-0-0+ Nd7 9. Be3 c6 10. h4 Nh6 11. f3 Kc7 12. h5 g5 13. g4 Nf7 14. Bd3 Bf8 15. Na4 Be7 16. Ne2 Rd8 17. Ng3 Nf8 18. Kc2 b6 19. c5 b5 20. Nc3 a5 21. Rd2 Ne6 22. Nf5 Bxc5 23. Bxc5 Nxc5 24. Be2 b4 25. Rxd8 Nxd8 26. Nd1 Nde6 27. Nde3 Nd4+ 28. Nxd4 exd4 29. Nf1 Ne6 30. Bd3 h6 31. Ng3 Nf4 32. Rc1 Kd6 33. Kd2 c5 34. Bc4 Bd7 35. Rg1 a4 36. Rc1 Rb8 37. Rg1 Ke5 38. Bd3 Be6 39. Rc1 Rc8 40. a3 c4 41. Bb1 c3+ 42. bxc3 dxc3+ 43. Ke1 b3 44. Nf5 c2 45. Ne3 cxb1Q 46. Rxb1 Kd4 47. Nd1 Nd3+ 48. Kd2 Rc2# 0-1

[Event "Titled Tuesday intern op 20th Apr"]
[Site "Chess.com INT"]
[Date "2021.04.20"]
[Round "5"]
[White "Cupid, Kevin"]
[Black "Cuevas, Alex"]
[Result "1-0"]
[WhiteElo "2154"]
[BlackElo "2268"]
[PlyCount "115"]
[EventDate "2021.04.20"]
[EventType "swiss (blitz)"]
[EventRounds "11"]
[EventCountry "USA"]
[SourceTitle "CBM 202 Extra"]
[Source "ChessBase"]
[SourceDate "2021.07.31"]
[SourceVersion "1"]
[SourceVersionDate "2021.07.31"]
[SourceQuality "1"]

1. d4 Nf6 2. c4 e6 3. Nf3 Bb4+ 4. Nbd2 0-0 5. e3 d5 6. a3 Bd6 7. c5 Be7 8. b4 b6 9. Bb2 a5 10. Bd3 axb4 11. axb4 Rxa1 12. Qxa1 Nc6 13. Bc3 bxc5 14. bxc5 Bd7 15. 0-0 Qa8 16. Qb2 Rb8 17. Ra1 Qb7 18. Qa3 g6 19. Rb1 Qa8 20. Rxb8+ Qxb8 21. g3 Kg7 22. h4 h6 23. Kg2 Ng4 24. Ne1 Qd8 25. Ndf3 Bf6 26. e4 dxe4 27. Bxe4 Ne7 28. Qa6 Nd5 29. Bd2 Qc8 30. Qa7 Bc6 31. Kg1 Qb7 32. Qxb7 Bxb7 33. Ba5 c6 34. Nd3 Ba6 35. Bxd5 exd5 36. Nb4 Bb5 37. Bc7 Kf8 38. Bd6+ Ke8 39. Kg2 Kd7 40. Bf4 Be2 41. Be3 Nxe3+ 42. fxe3 g5 43. hxg5 hxg5 44. Kf2 Bb5 45. g4 Bd8 46. Nc2 f6 47. Nh2 Ke6 48. Nf1 f5 49. gxf5+ Kxf5 50. Ng3+ Kg4 51. Ne1 Bc7 52. Nh1 Kh3 53. Nf3 g4 54. Ne1 Bd8 55. Ng2 Bg5 56. Nf4+ Kh4 57. Ng3 Ba4 58. Nf5# 1-0

[Event "Titled Tuesday intern op 20th Apr"]
[Site "Chess.com INT"]
[Date "2021.04.20"]
[Round "3"]
[White "Marin Masis, Jose Esteban"]
[Black "Cuevas, Alex"]
[Result "0-1"]
[WhiteElo "1938"]
[BlackElo "2268"]
[PlyCount "46"]
[EventDate "2021.04.20"]
[EventType "swiss (blitz)"]
[EventRounds "11"]
[EventCountry "USA"]
[SourceTitle "CBM 202 Extra"]
[Source "ChessBase"]
[SourceDate "2021.07.31"]
[SourceVersion "1"]
[SourceVersionDate "2021.07.31"]
[SourceQuality "1"]

1. Nf3 d5 2. c4 d4 3. b4 f6 4. Bb2 e5 5. b5 Be6 6. d3 Ne7 7. g3 Ng6 8. Bg2 h5 9. Nbd2 Nd7 10. Bxd4 exd4 11. Nxd4 Bf7 12. Bxb7 Qb8 13. Bxa8 Qxa8 14. 0-0 h4 15. N2f3 hxg3 16. hxg3 Nde5 17. Kg2 Bc5 18. e4 Qc8 19. Nf5 Nxf3 20. Qxf3 Ne5 21. Nxg7+ Kf8 22. Qxf6 Qh3+ 23. Kg1 Qh1# 0-1

[Event "Titled Tuesday intern op 23rd Mar"]
[Site "Chess.com INT"]
[Date "2021.03.23"]
[Round "3"]
[White "Cagara, Paulina"]
[Black "Cuevas, Alex"]
[Result "0-1"]
[WhiteElo "2027"]
[BlackElo "2268"]
[PlyCount "100"]
[EventDate "2021.03.23"]
[EventType "swiss (blitz)"]
[EventRounds "11"]
[EventCountry "USA"]
[SourceTitle "CBM 201 Extra"]
[Source "ChessBase"]
[SourceDate "2021.05.31"]
[SourceVersion "1"]
[SourceVersionDate "2021.05.31"]
[SourceQuality "1"]

1. e4 c6 2. d4 d5 3. exd5 cxd5 4. Bd3 Nc6 5. c3 Qc7 6. h3 Nf6 7. Nf3 e5 8. dxe5 Nxe5 9. Nxe5 Qxe5+ 10. Qe2 Qxe2+ 11. Bxe2 Bc5 12. 0-0 0-0 13. Bg5 Ne4 14. Bf4 d4 15. c4 Be6 16. Bd3 Nf6 17. Nd2 h6 18. Rab1 Rad8 19. b4 Bb6 20. c5 Nd5 21. Bd6 Bc7 22. Bxf8 Kxf8 23. Rb2 Nf4 24. Bc4 d3 25. Bxe6 fxe6 26. Re1 Kf7 27. Re4 g5 28. h4 Rd5 29. Kf1 Be5 30. Rb3 Bf6 31. hxg5 hxg5 32. g3 Ne2 33. Re3 Nc1 34. Rb1 Nxa2 35. f4 gxf4 36. gxf4 Bc3 37. Ne4 Bxb4 38. Rd1 d2 39. Nd6+ Kf6 40. Ne4+ Kf5 41. Nd6+ Kxf4 42. Rxe6 Nc3 43. Rf6+ Ke5 44. Rf5+ Ke6 45. Rxd5 Nxd5 46. Ne4 Ne3+ 47. Ke2 Nxd1 48. Kxd1 Kd5 49. Nxd2 Bxd2 50. Kxd2 Kxc5 0-1

[Event "Titled Tuesday intern op 16th Mar"]
[Site "Chess.com INT"]
[Date "2021.03.16"]
[Round "5"]
[White "Cuevas, Alex"]
[Black "Heinemann, Josefine"]
[Result "0-1"]
[WhiteElo "2268"]
[BlackElo "2296"]
[PlyCount "70"]
[EventDate "2021.03.16"]
[EventType "swiss (blitz)"]
[EventRounds "11"]
[EventCountry "USA"]
[SourceTitle "CBM 201 Extra"]
[Source "ChessBase"]
[SourceDate "2021.05.31"]
[SourceVersion "1"]
[SourceVersionDate "2021.05.31"]
[SourceQuality "1"]

1. c4 c5 2. Nc3 Nc6 3. Nf3 g6 4. g3 Bg7 5. Bg2 d6 6. 0-0 e5 7. a3 Nge7 8. b4 cxb4 9. axb4 Nxb4 10. Ba3 Nbc6 11. Nb5 0-0 12. Nxd6 e4 13. Ng5 Bxa1 14. Qxa1 Bf5 15. Ngxe4 Bxe4 16. Nxe4 f6 17. Nxf6+ Rxf6 18. Qxf6 Qf8 19. Qc3 Qg7 20. Qxg7+ Kxg7 21. Bb2+ Kf7 22. d4 a5 23. d5 Nb4 24. c5 Nbxd5 25. Rd1 Ke6 26. e4 Nb4 27. Bh3+ Kf7 28. Rd7 a4 29. Ba3 Nc2 30. Rxe7+ Kxe7 31. c6+ Nxa3 32. c7 Nb5 33. c8Q Rxc8 34. Bxc8 a3 35. Bxb7 a2 0-1

[Event "Titled Tuesday intern op 16th Mar"]
[Site "Chess.com INT"]
[Date "2021.03.16"]
[Round "4"]
[White "Garcia Garcia, Alejandro"]
[Black "Cuevas, Alex"]
[Result "1-0"]
[WhiteElo "2247"]
[BlackElo "2268"]
[PlyCount "51"]
[EventDate "2021.03.16"]
[EventType "swiss (blitz)"]
[EventRounds "11"]
[EventCountry "USA"]
[SourceTitle "CBM 201 Extra"]
[Source "ChessBase"]
[SourceDate "2021.05.31"]
[SourceVersion "1"]
[SourceVersionDate "2021.05.31"]
[SourceQuality "1"]

1. d4 g6 2. c4 Bg7 3. Nc3 d6 4. g3 Nd7 5. Bg2 e5 6. Nf3 Ne7 7. e4 0-0 8. 0-0 exd4 9. Nxd4 Nc6 10. Nxc6 bxc6 11. Qc2 Nc5 12. b3 Re8 13. Bb2 a5 14. Rad1 Ba6 15. Rfe1 a4 16. b4 Ne6 17. Nxa4 Bxc4 18. Bxg7 Kxg7 19. Qxc4 Rxa4 20. e5 c5 21. exd6 cxd6 22. Bc6 Rxb4 23. Qc3+ Rd4 24. Bxe8 Qxe8 25. Rxd4 cxd4 26. Qxd4+ 1-0

[Event "Titled Tuesday intern op 02nd Mar"]
[Site "Chess.com INT"]
[Date "2021.03.02"]
[Round "10"]
[White "Cuevas, Alex"]
[Black "Kavutskiy, Konstantin"]
[Result "0-1"]
[WhiteElo "2268"]
[BlackElo "2391"]
[PlyCount "182"]
[EventDate "2021.03.02"]
[EventType "swiss (blitz)"]
[EventRounds "11"]
[EventCountry "USA"]
[SourceTitle "CBM 201 Extra"]
[Source "ChessBase"]
[SourceDate "2021.05.31"]
[SourceVersion "1"]
[SourceVersionDate "2021.05.31"]
[SourceQuality "1"]

1. c4 g6 2. Nc3 Bg7 3. e4 d6 4. g3 Nf6 5. Bg2 0-0 6. Nge2 e5 7. 0-0 c5 8. d3 Nc6 9. h3 Ne8 10. f4 Nc7 11. f5 Rb8 12. a4 Nd4 13. Nxd4 cxd4 14. Ne2 a6 15. b4 b5 16. cxb5 axb5 17. a5 d5 18. g4 Bf6 19. Qe1 Bg5 20. Qg3 dxe4 21. Bxe4 Bb7 22. Bxb7 Rxb7 23. f6 Bxf6 24. Qf3 Nd5 25. Bh6 Re8 26. a6 Ra7 27. Ng3 Nf4 28. Bxf4 exf4 29. Qxf4 Be5 30. Qf3 Qg5 31. Ne4 Qe3+ 32. Kg2 Rea8 33. Qxe3 dxe3 34. Rae1 Bd4 35. Nd6 Rxa6 36. Nxf7 Ra2+ 37. Kg3 Rf2 38. Nh6+ Kg7 39. g5 Raf8 40. Rxf2 Be5+ 41. Kg4 exf2 42. Rf1 Bc7 43. h4 Bb8 44. Kh3 Rf3+ 45. Kg2 Rg3+ 46. Kxf2 Rxd3 47. Ke2 Rd7 48. Rf3 Bd6 49. Rb3 Re7+ 50. Kf3 Re1 51. Rb2 Rf1+ 52. Kg2 Rf4 53. Rd2 Bxb4 54. Rd7+ Kf8 55. Kg3 Rc4 56. Rxh7 Bd6+ 57. Kf3 Rxh4 58. Rf7+ Ke8 59. Rb7 b4 60. Ke3 b3 61. Kd3 Rh3+ 62. Kc4 Bf4 63. Rxb3 Rxb3 64. Kxb3 Bxg5 65. Ng4 Ke7 66. Kc4 Ke6 67. Kd4 Kf5 68. Nf2 Kf4 69. Kd3 Bf6 70. Ne4 Be5 71. Nf2 Kf3 72. Ne4 Bf4 73. Kd4 Kg4 74. Kd5 Kf5 75. Nf2 g5 76. Kd4 Bg3 77. Ke3 Bxf2+ 78. Kxf2 Kf4 79. Kg2 Kg4 80. Kf2 Kh3 81. Kg1 Kg3 82. Kh1 Kf2 83. Kh2 g4 84. Kh1 Kf3 85. Kh2 Kf2 86. Kh1 Kg3 87. Kg1 Kh3 88. Kh1 g3 89. Kg1 g2 90. Kf2 Kh2 91. Kf3 g1Q 0-1

[Event "Titled Tuesday intern op 23rd Feb"]
[Site "Chess.com INT"]
[Date "2021.02.23"]
[Round "8"]
[White "Ashiev, Eduard"]
[Black "Cuevas, Alex"]
[Result "0-1"]
[WhiteElo "2202"]
[BlackElo "2268"]
[PlyCount "88"]
[EventDate "2021.02.23"]
[EventType "swiss (blitz)"]
[EventRounds "11"]
[EventCountry "USA"]
[SourceTitle "CBM 200 Extra"]
[Source "ChessBase"]
[SourceDate "2021.03.31"]
[SourceVersion "1"]
[SourceVersionDate "2021.03.31"]
[SourceQuality "1"]

1. d4 Nf6 2. Nf3 e6 3. c4 Bb4+ 4. Nc3 b6 5. e3 Bb7 6. Bd3 0-0 7. 0-0 d5 8. cxd5 exd5 9. Bd2 Bd6 10. Ne5 c5 11. f4 Nc6 12. Qf3 cxd4 13. Nxc6 Bxc6 14. exd4 Re8 15. Rae1 Qc7 16. Re5 Ne4 17. Be1 Bxe5 18. fxe5 Re6 19. Nxe4 dxe4 20. Bxe4 Bxe4 21. Qxe4 Rd8 22. Bc3 Qc6 23. Qg4 Rg6 24. Qh3 Qe6 25. Qf3 h6 26. Rd1 Qd5 27. Qf2 Rc6 28. Rf1 Rc7 29. h3 a5 30. Kh2 Re7 31. Qf4 Qe6 32. Rf3 Rd5 33. Rg3 Kh7 34. Qe4+ Kg8 35. Kh1 Red7 36. Qf4 Rd8 37. Rf3 Qg6 38. Rg3 Qe6 39. Kh2 Ra8 40. a3 b5 41. Qf3 Qd7 42. Rg4 b4 43. axb4 axb4 44. Qg3 bxc3 0-1

[Event "Titled Tuesday intern op 23rd Feb"]
[Site "Chess.com INT"]
[Date "2021.02.23"]
[Round "5"]
[White "Sorensen, Hampus"]
[Black "Cuevas, Alex"]
[Result "1-0"]
[WhiteElo "2395"]
[BlackElo "2268"]
[PlyCount "57"]
[EventDate "2021.02.23"]
[EventType "swiss (blitz)"]
[EventRounds "11"]
[EventCountry "USA"]
[SourceTitle "CBM 200 Extra"]
[Source "ChessBase"]
[SourceDate "2021.03.31"]
[SourceVersion "1"]
[SourceVersionDate "2021.03.31"]
[SourceQuality "1"]

1. e4 c6 2. d4 d5 3. exd5 cxd5 4. Bd3 Nc6 5. c3 Qc7 6. h3 Nf6 7. Nf3 g6 8. Na3 a6 9. Nc2 Bf5 10. Bg5 Bxd3 11. Qxd3 Bg7 12. Ne3 Rd8 13. Bxf6 Bxf6 14. 0-0 0-0 15. Rfe1 Bg7 16. Rad1 e6 17. Ng4 b5 18. Re2 Qb6 19. Nfe5 Nxe5 20. dxe5 h6 21. h4 Rc8 22. Re3 Rc4 23. Rg3 Qd8 24. h5 Qh4 25. Qf3 g5 26. Rd4 Rxd4 27. cxd4 Qxh5 28. Nf6+ Bxf6 29. Qxh5 1-0

[Event "Titled Tuesday intern op 16th Feb"]
[Site "Chess.com INT"]
[Date "2021.02.16"]
[Round "8"]
[White "Vlassov, Nikolai"]
[Black "Cuevas, Alex"]
[Result "1-0"]
[WhiteElo "2331"]
[BlackElo "2268"]
[PlyCount "101"]
[EventDate "2021.02.16"]
[EventType "swiss (blitz)"]
[EventRounds "11"]
[EventCountry "USA"]
[SourceTitle "EXT 2022"]
[Source "ChessBase"]
[SourceDate "2021.10.06"]
[SourceVersion "1"]
[SourceVersionDate "2021.10.06"]
[SourceQuality "1"]

1. e4 c6 2. d4 d5 3. e5 c5 4. dxc5 e6 5. Nf3 Nd7 6. a3 Bxc5 7. Bd3 Ne7 8. 0-0 Ng6 9. b4 Be7 10. Bb2 Qc7 11. Re1 0-0 12. Nbd2 a5 13. b5 Nc5 14. Bf1 Na4 15. Bd4 Nc3 16. Qc1 Na4 17. c4 Bd7 18. cxd5 Qxc1 19. Rexc1 exd5 20. Rc7 Be6 21. b6 Bd8 22. Bb5 Nxb6 23. Bxb6 Bxc7 24. Bxc7 Rfc8 25. Bd6 Nf4 26. Nd4 Rc3 27. Bf1 Rac8 28. g3 Ng6 29. f4 Bd7 30. Rb1 b5 31. f5 Nf8 32. Bxb5 Bxb5 33. Rxb5 Rd3 34. N4f3 Rdc3 35. Kf2 h6 36. Rxd5 Kh7 37. Rxa5 Nd7 38. Ra7 Nc5 39. Rxf7 Nd3+ 40. Kg2 Rc2 41. Kh3 Nf2+ 42. Kh4 R8c4+ 43. Nxc4 Rxc4+ 44. Kh5 Kg8 45. e6 Ng4 46. Be5 Nxe5 47. Nxe5 Re4 48. Ng6 Kh7 49. Rf8 Rh4+ 50. Kxh4 h5 51. Rh8# 1-0

[Event "Titled Tuesday intern op 09th Feb"]
[Site "Chess.com INT"]
[Date "2021.02.09"]
[Round "2"]
[White "Cuevas, Alex"]
[Black "Erdogdu, Mert"]
[Result "0-1"]
[WhiteElo "2268"]
[BlackElo "2396"]
[PlyCount "50"]
[EventDate "2021.02.09"]
[EventType "swiss (blitz)"]
[EventRounds "11"]
[EventCountry "USA"]
[SourceTitle "EXT 2022"]
[Source "ChessBase"]
[SourceDate "2021.10.06"]
[SourceVersion "1"]
[SourceVersionDate "2021.10.06"]
[SourceQuality "1"]

1. b3 g6 2. Bb2 Nf6 3. Bxf6 exf6 4. c4 f5 5. Nc3 d6 6. Rc1 Nd7 7. g3 h5 8. h4 Bh6 9. Bg2 f4 10. Nf3 fxg3 11. fxg3 0-0 12. 0-0 Ne5 13. Ne4 Ng4 14. Nf2 c6 15. Nxg4 Bxg4 16. Nh2 Be6 17. e3 Qe7 18. Qf3 Rae8 19. Rce1 f5 20. Qf2 Rd8 21. Nf3 d5 22. cxd5 Bxd5 23. Nd4 Rfe8 24. Bxd5+ Rxd5 25. Re2 Rxd4 0-1

[Event "Titled Tuesday intern op 09th Feb"]
[Site "Chess.com INT"]
[Date "2021.02.09"]
[Round "3"]
[White "Cuevas, Alex"]
[Black "Ten Hertog, Hugo"]
[Result "0-1"]
[WhiteElo "2268"]
[BlackElo "2517"]
[PlyCount "98"]
[EventDate "2021.02.09"]
[EventType "swiss (blitz)"]
[EventRounds "11"]
[EventCountry "USA"]
[SourceTitle "EXT 2022"]
[Source "ChessBase"]
[SourceDate "2021.10.06"]
[SourceVersion "1"]
[SourceVersionDate "2021.10.06"]
[SourceQuality "1"]

1. b3 g6 2. Bb2 Nf6 3. Bxf6 exf6 4. c4 b6 5. Nf3 Bb7 6. Nc3 f5 7. e3 f4 8. Be2 fxe3 9. dxe3 Bg7 10. Rc1 0-0 11. 0-0 a5 12. Qd2 Na6 13. Rfd1 Nc5 14. Nd5 Bxd5 15. Qxd5 Qe7 16. Nd4 Kh8 17. g3 f5 18. Nf3 Rfe8 19. Bf1 Rad8 20. h4 a4 21. b4 Ne4 22. a3 Nc3 23. Rxc3 Bxc3 24. Ng5 Kg7 25. Bg2 Bf6 26. Nh3 Qe5 27. Nf4 Qxd5 28. Nxd5 Be5 29. f4 Bd6 30. Kf2 Re6 31. Nc3 Rde8 32. Rd3 c6 33. Nxa4 b5 34. cxb5 cxb5 35. Nc3 Rb8 36. Rd5 Rc8 37. Nxb5 Rc2+ 38. Kf3 Be7 39. Rxd7 Rb2 40. Bf1 Rb3 41. Bd3 Kh6 42. Ke2 Bf6 43. Nd4 Bxd4 44. Rxd4 Rxa3 45. b5 Ra2+ 46. Kf3 Rb2 47. g4 fxg4+ 48. Kxg4 Rxe3 49. Rd5 Rg2# 0-1

[Event "Titled Tuesday intern op 09th Feb"]
[Site "Chess.com INT"]
[Date "2021.02.09"]
[Round "1"]
[White "Quintiliano Pinto, Renato Rodrigues"]
[Black "Cuevas, Alex"]
[Result "0-1"]
[WhiteElo "2469"]
[BlackElo "2268"]
[PlyCount "86"]
[EventDate "2021.02.09"]
[EventType "swiss (blitz)"]
[EventRounds "11"]
[EventCountry "USA"]
[SourceTitle "EXT 2022"]
[Source "ChessBase"]
[SourceDate "2021.10.06"]
[SourceVersion "1"]
[SourceVersionDate "2021.10.06"]
[SourceQuality "1"]

1. d4 Nf6 2. c4 g6 3. Nf3 Bg7 4. Nc3 d6 5. Bg5 0-0 6. e3 b6 7. Be2 Bb7 8. 0-0 Nbd7 9. Rc1 a5 10. a3 e5 11. d5 h6 12. Bh4 g5 13. Bg3 Nh5 14. Nd2 Nxg3 15. fxg3 f5 16. Qc2 e4 17. g4 f4 18. exf4 e3 19. Nde4 gxf4 20. g5 Ne5 21. gxh6 Bxh6 22. Nb5 Rf7 23. Nd4 Bc8 24. Ne6 Bxe6 25. dxe6 Rg7 26. Bf3 Qh4 27. Nc3 Rf8 28. Qe2 Kh8 29. Rcd1 Rfg8 30. Kh1 Bg5 31. Bd5 Rh7 32. h3 Qg3 33. Rf3 Nxf3 34. Qxf3 Be7 35. Qxg3 Rxg3 36. Ne2 Rg5 37. Nxf4 Rf5 38. Ne2 Rf2 39. Bf3 Rh6 40. Kg1 Rxe6 41. Nd4 Rg6 42. Re1 Bf6 43. Bh5 Rg5 0-1

[Event "Titled Tuesday intern op 26th Jan"]
[Site "Chess.com INT"]
[Date "2021.01.26"]
[Round "4"]
[White "Cuevas, Alex"]
[Black "Bulmaga, Irina"]
[Result "1-0"]
[WhiteElo "2268"]
[BlackElo "2443"]
[PlyCount "43"]
[EventDate "2021.01.26"]
[EventType "swiss (blitz)"]
[EventRounds "11"]
[EventCountry "USA"]
[SourceTitle "CBM 200 Extra"]
[Source "ChessBase"]
[SourceDate "2021.03.31"]
[SourceVersion "1"]
[SourceVersionDate "2021.03.31"]
[SourceQuality "1"]

1. c4 Nf6 2. Nc3 e5 3. Nf3 Nc6 4. e4 Bc5 5. Nxe5 Bxf2+ 6. Kxf2 Nxe5 7. d4 Neg4+ 8. Kg1 c5 9. h3 cxd4 10. Qxd4 0-0 11. hxg4 Nxg4 12. Be2 d6 13. Bxg4 Bxg4 14. e5 f5 15. exf6 Qd7 16. Nd5 Rae8 17. Bg5 Qf5 18. Ne7+ Rxe7 19. fxe7 Re8 20. Bh4 g5 21. Rf1 Qg6 22. Qxg4 1-0

[Event "Titled Tuesday intern op 26th Jan"]
[Site "Chess.com INT"]
[Date "2021.01.26"]
[Round "9"]
[White "Cuevas, Alex"]
[Black "Mogirzan, Matei Valeriu"]
[Result "1-0"]
[WhiteElo "2268"]
[BlackElo "1813"]
[PlyCount "129"]
[EventDate "2021.01.26"]
[EventType "swiss (blitz)"]
[EventRounds "11"]
[EventCountry "USA"]
[SourceTitle "CBM 200 Extra"]
[Source "ChessBase"]
[SourceDate "2021.03.31"]
[SourceVersion "1"]
[SourceVersionDate "2021.03.31"]
[SourceQuality "1"]

1. c4 Nf6 2. Nc3 g6 3. d4 Bg7 4. Nf3 d6 5. g3 0-0 6. Bg2 Nbd7 7. 0-0 e5 8. e4 c6 9. h3 Re8 10. Re1 Qc7 11. Qc2 exd4 12. Nxd4 Ng4 13. Ndb5 cxb5 14. Nxb5 Qc5 15. hxg4 Ne5 16. Be3 Qc6 17. Rac1 Bxg4 18. f4 Nf3+ 19. Kf2 Nxe1 20. Rxe1 a6 21. Nd4 Qc7 22. Qd3 Rac8 23. b3 Qa5 24. a4 b5 25. axb5 axb5 26. Nxb5 Rcd8 27. Rc1 h5 28. Nd4 Qa6 29. b4 Bf6 30. b5 Qc8 31. Nc6 Rd7 32. Bd4 Bxd4+ 33. Qxd4 Qa8 34. Rc2 Qa3 35. Qc3 Qc5+ 36. Qe3 Qxe3+ 37. Kxe3 Rb7 38. Kd4 Bd7 39. Nb4 Rc8 40. Nd5 Bxb5 41. Bf1 Bc6 42. Nf6+ Kg7 43. e5 dxe5+ 44. fxe5 Rd8+ 45. Kc3 Re7 46. Re2 Re6 47. Re3 Rc8 48. Bd3 Bd5 49. Kd4 Bb7 50. Nd5 Rd8 51. Be4 Bc6 52. Kc5 Bxd5 53. Bxd5 Re7 54. Rf3 Rde8 55. Kd4 Rf8 56. Re3 f6 57. e6 f5 58. c5 f4 59. gxf4 Rxf4+ 60. Ke5 Rf5+ 61. Kd6 h4 62. Kxe7 Rxd5 63. c6 Rc5 64. Kd6 Rc4 65. e7 1-0

[Event "Titled Tuesday intern op 26th Jan"]
[Site "Chess.com INT"]
[Date "2021.01.26"]
[Round "10"]
[White "Injac, Teodora"]
[Black "Cuevas, Alex"]
[Result "0-1"]
[WhiteElo "2314"]
[BlackElo "2268"]
[PlyCount "131"]
[EventDate "2021.01.26"]
[EventType "swiss (blitz)"]
[EventRounds "11"]
[EventCountry "USA"]
[SourceTitle "CBM 200 Extra"]
[Source "ChessBase"]
[SourceDate "2021.03.31"]
[SourceVersion "1"]
[SourceVersionDate "2021.03.31"]
[SourceQuality "1"]

1. Nf3 d5 2. g3 Nf6 3. Bg2 e6 4. 0-0 Be7 5. d3 c5 6. Nbd2 0-0 7. e4 b5 8. Qe2 Nc6 9. e5 Nd7 10. Re1 Bb7 11. h4 a5 12. Nf1 b4 13. N1h2 a4 14. c4 Nb6 15. Bg5 h6 16. Bxe7 Qxe7 17. Ng4 Rfd8 18. Rad1 a3 19. b3 dxc4 20. dxc4 Rxd1 21. Rxd1 Rd8 22. Rxd8+ Qxd8 23. Qe3 Qd1+ 24. Kh2 Nd4 25. Nxd4 Bxg2 26. Kxg2 cxd4 27. Qf4 Nd7 28. Qe4 d3 29. Qd4 Nf8 30. c5 d2 31. Ne3 Qc1 32. c6 Qxc6+ 33. Kh2 Qc1 34. Qxb4 d1Q 35. Nxd1 Qxd1 36. Qxa3 Qe2 37. Qc5 Qxa2 38. b4 Qa8 39. b5 Nd7 40. Qd6 Qb7 41. Qd3 Nb6 42. Qd8+ Kh7 43. Qd3+ g6 44. h5 Nd5 45. hxg6+ fxg6 46. Qf3 Kg7 47. Qd3 h5 48. Qc4 Qb6 49. Qe2 Ne7 50. Kg2 Nd5 51. Kh2 Qd4 52. Qf3 h4 53. gxh4 Qxh4+ 54. Kg2 Qg5+ 55. Qg3 Qxg3+ 56. Kxg3 g5 57. Kg4 Kg6 58. f3 Nb6 59. Kh3 Kf5 60. Kg3 Kxe5 61. Kg4 Kf6 62. f4 gxf4 63. Kxf4 e5+ 64. Ke4 Ke6 65. Kd3 Kd5 66. Ke3 0-1

[Event "Titled Tuesday intern op 26th Jan"]
[Site "Chess.com INT"]
[Date "2021.01.26"]
[Round "11"]
[White "Sokolovsky, Yahli"]
[Black "Cuevas, Alex"]
[Result "1-0"]
[WhiteElo "2472"]
[BlackElo "2268"]
[PlyCount "115"]
[EventDate "2021.01.26"]
[EventType "swiss (blitz)"]
[EventRounds "11"]
[EventCountry "USA"]
[SourceTitle "CBM 200 Extra"]
[Source "ChessBase"]
[SourceDate "2021.03.31"]
[SourceVersion "1"]
[SourceVersionDate "2021.03.31"]
[SourceQuality "1"]

1. b3 e5 2. Bb2 Nc6 3. e3 Nf6 4. Bb5 Bd6 5. Na3 a6 6. Bxc6 dxc6 7. Nc4 Qe7 8. d3 b5 9. Nd2 0-0 10. e4 Bg4 11. Ngf3 Nd7 12. h3 Bh5 13. g4 Bg6 14. 0-0 f6 15. Re1 Nc5 16. Nf1 Ne6 17. Ng3 Nf4 18. Kh2 Bc5 19. Rf1 Rfd8 20. Qe1 Ba3 21. Bxa3 Qxa3 22. Ne2 Nxe2 23. Qxe2 a5 24. Nh4 a4 25. Nxg6 hxg6 26. Qd1 axb3 27. axb3 Qb2 28. Rb1 Qc3 29. Qe2 Ra2 30. Rfc1 g5 31. Kg3 Kf7 32. h4 gxh4+ 33. Kxh4 Rh8+ 34. Kg3 Qc5 35. Ra1 Rha8 36. Rab1 Qc3 37. g5 Rb2 38. Rxb2 Qxb2 39. Rh1 Ra2 40. gxf6 Qxc2 41. Qf3 gxf6 42. Rh7+ Ke6 43. Rh6 Kd6 44. Qxf6+ Kc5 45. Qxc6+ Kb4 46. Qxc2 Rxc2 47. Re6 Rc3 48. Rxe5 Rxd3+ 49. Kg4 Rxb3 50. f4 Kc4 51. f5 Rb1 52. f6 Rg1+ 53. Kh5 Rg8 54. f7 Rh8+ 55. Kg6 b4 56. Re8 b3 57. Rxh8 b2 58. Rb8 1-0